Sports Quiz

Random Sports or NCAA Quiz

Men's Golf Grand Slam Winners Quiz Stats

Quiz not verified by Sporcle

Challenge
Share
Tweet
Embed
Score 0/5 Timer 04:00
0 Plays Today
Year Completed Golfer % Correct
2000Tiger Woods
100%
1966Jack Nicklaus
92.4%
1965Gary Player
74.3%
1951Ben Hogan
69.7%
1935Gene Sarazen
43.6%

You're not logged in!

Compare scores with friends on all Sporcle quizzes.
Join for Free
OR
Log In

You Might Also Like...

Show Comments

Extras

Top Quizzes Today


Score Distribution

Your Account Isn't Verified!

In order to create a playlist on Sporcle, you need to verify the email address you used during registration. Go to your Sporcle Settings to finish the process.

Report this User

Report this user for behavior that violates our Community Guidelines.

Details: